000 01885nam a2200493Ii 4500
001 DIGANAGRA0720
003 NyNyDIG
006 m o d
007 cr |||||||||||
008 220926s2016 sp o 000 f spa d
035 _a(OCoLC)1350507338
040 _aDGITA
_beng
_erda
_epn
_cDGITA
020 _a9788433937292
_qdigital
020 _z9788433977984
041 1 _aspa
_heng
050 1 4 _aPS3558.I366 ebook
082 0 4 _a813.54
100 1 _aHighsmith, Patricia,
_d1921-1995,
_eauthor.
240 1 0 _aFound in the street.
_lSpanish
_s(Beltrán Ferrer)
245 1 3 _aEl hechizo de Elsie /
_cPatricia Highsmith ; traducción, Jordi Beltrán.
250 _aEdición en formato digital.
264 1 _aBarcelona :
_bEditorial Anagrama,
_c[2016]
300 _a1 online resource.
336 _atext
_btxt
_2rdacontent
337 _acomputer
_bc
_2rdamedia
338 _aonline resource
_bcr
_2rdacarrier
347 _atext file
_2rdaft
347 _bEPUB
490 1 _aColección compactos
490 0 _aBiblioteca Patricia Highsmith
588 0 _aOnline resource; title from ePub title page (Digitalia, viewed September 26, 2022)
655 7 _aFiction.
_2lcgft
655 0 _aElectronic books.
700 1 _aBeltrán Ferrer, Jordi,
_etranslator.
700 1 _iTranslation of:
_aHighsmith, Patricia,
_d1921-1995.
_tFound in the street.
791 2 _aDigitalia (Firm),
_edistributor.
793 0 _gDigitalia eBook Collection:
_aAnagrama
776 0 8 _iPrint version:
_aHighsmith, Patricia, 1921-1995.
_sFound in the street. Spanish (Beltrán Ferrer).
_tHechizo de Elsie.
_dBarcelona : Editorial Anagrama, [2016]
_z9788433977984
830 0 _aColección compactos ;
_v142.
830 0 _aBiblioteca Patricia Highsmith.
856 4 0 _3Digitalia Hispánica
_uhttps://www.digitaliapublishing.com/a/42409/
910 _aPremium collection: 2022
942 _cRAA
999 _c247257
_d247257